000 01342cam a22004097a 4500
001 4224
003 FISKH
005 20250827090050.0
008 140521s1993 maua j 000 1 eng d
010 _a 2013404704
020 _a0395159938 (Reinforced ed.)
020 _a9780395150238
020 _a9780395159934 (Reinforced ed.)
020 _a039515023X (Sandpiper ed.)
020 _a9780395150238 (Sandpiper ed.)
040 _aGZD
_beng
_cGZD
_dTXA
_dTCA
_dOCL
_dBTCTA
_dOCLCQ
_dOCLCG
_dYDXCP
_dOCLCO
_dOCLCQ
_dOCLCF
_dDLC
050 _aPZ7.R33
082 _a468
100 1 _aRey, H. A.
_q(Hans Augusto),
_d1898-1977.
245 1 0 _aCurious George /
_cby H.A. Rey.
260 _aNew York :
_bHoughton Mifflin,
_c1941
300 _a59 pages :
_bcolor illustrations ;
_c26 cm
505 _aG
520 _aThe curiosity of a newly-captured monkey gets him into continual trouble.
521 8 _a400
_bLexile
521 8 _aG
_bRaz-Plus
600 0 0 _aCurious George
_c(Fictitious character)
650 0 _aMonkeys
_vJuvenile fiction.
650 1 _aMonkeys
_vFiction.
650 7 _aCurious George (Fictitious character)
_2fast
650 7 _aMonkeys.
_2fast
655 7 _aFiction.
_2fast
655 7 _aJuvenile works.
_2fast
906 _a7
_bcbc
_ccopycat
_d2
_encip
_f20
_gy-gencatlg
942 _2ddc
_cBK
_n0
999 _c4224
_d4224